Statistics for Doctor Who: TARDIS In 15 Seconds

Click here to take the quiz!

General Stats

  • This quiz has been taken 191 times
    (150 since last reset)
  • The average score is 5 of 6

Answer Stats

HintAnswer% Correct
TTime
100%
AAnd
97%
RRelative
89%
IIn
81%
DDimension
80%
SSpace
73%

Score Distribution

Percentile by Number Answered

Percent of People with Each Score

Your Score History

You have not taken this quiz since the last reset